| 000 | 00946nam a22003015a 4500 | ||
|---|---|---|---|
| 999 |
_c254 _d254 |
||
| 003 | EG-ScBUE | ||
| 005 | 20210418092517.0 | ||
| 008 | 150827s2002 le f 000 f eng d | ||
| 020 | _a9953104557 | ||
| 020 | _a9789953104553 | ||
| 040 |
_aEG-ScBUE _beng _erda _cEG-ScBUE _dEG-ScBUE |
||
| 082 | 0 | 4 |
_a823.7 _bAUS _222 |
| 100 | 1 |
_aAusten, Jane, _d1775-1817, _eauthor. |
|
| 245 | 1 | 0 |
_aEmma : _bwith an introduction, a Jane Austen's novels and a glossary / _cJane Austen. |
| 264 | 1 |
_aBeirut : _bYork Press, _c2002. |
|
| 300 |
_a413 pages ; _c18 cm. |
||
| 336 |
_2rdacontent _atext _btxt |
||
| 337 |
_2rdamedia _aunmediated _bn |
||
| 338 |
_2rdacarrier _avolume _bnc |
||
| 490 | 0 | _aYork classics | |
| 590 | _amustafa galal. | ||
| 650 | 7 |
_aYoung women _vFiction. _2BUEsh |
|
| 650 | 7 |
_aFemale friendship _vFiction. _2BUEsh |
|
| 651 | _2BUEsh | ||
| 653 |
_cAugust2015 _bHHUUEENN |
||
| 655 |
_vReading book _934232 |
||
| 942 |
_cBB _k823A933 _2ddc |
||